Names of former British Colonies and Protectorates - Statistics

General Stats
  • This quiz has been taken 126 times
  • The average score is 8 of 9
Answer Stats
Colonial Name Modern Name % Correct
Southern Rhodesia Zimbabwe
97%
Ceylon Sri Lanka
96%
Northern Rhodesia Zambia
95%
British Honduras Belize
94%
Gold Coast Ghana
91%
Bechuanaland Botswana
78%
Nyasaland Malawi
74%
Basutoland Lesotho
70%
Trucial States United Arab Emirates
56%
No matching quizzes found
Score Distribution
Percent of People with Each Score
Percentile by Number Answered
Your Score History
You have not taken this quiz